Análisis de un proyecto de inversión mediante la técnica de la simulación (Registro nro. 18163)
[ vista simple ]
| 000 -LEADER | |
|---|---|
| fixed length control field | 00372 a2200109 4500 |
| 001 - CONTROL NUMBER | |
| control field | ART_12975 |
| 005 - DATE AND TIME OF LATEST TRANSACTION | |
| control field | 20260410161734.0 |
| 008 - FIXED-LENGTH DATA ELEMENTS--GENERAL INFORMATION | |
| fixed length control field | 260409a |
| 100 1# - MAIN ENTRY--PERSONAL NAME | |
| Personal name | García, Roberto Mariano |
| 245 10 - TITLE STATEMENT | |
| Title | Análisis de un proyecto de inversión mediante la técnica de la simulación |
| 773 0# - HOST ITEM ENTRY | |
| Title | Ejecutivos de finanzas |
| Related parts | - Año 8, Nº 75 (may. 1991) |
| Record control number | REV2863 |
No hay ítems disponibles.